000 00668nam a2200229Ia 4500
005 20241216011051.0
008 190212s9999||||xx |||||||||||||| ||und||
020 _a958-04-3199-X
082 _a658.02
_bC241
100 _aCHAMPY, JAMES
245 0 _aREINGENIERIA EN LA GERENCIA
_bCOMO MODIFICAR EL TRABAJO GERENCIAL PARA REDISEÑAR CON EXITO
250 _a0
260 _aCOLOMBIA
_bNORMA, S.A.
_c1995
300 _a244 pag
_c23.5 cm
341 _h0
490 _v0
_a0
505 _aADMINISTRACION-NEGOCIOS-TRABAJO/PROCESOS ADMINISTRATIVOS
541 _aC
_d08-Feb-99
_oSoles
650 _aCIENCIAS APLICADAS
856 _zCiencias Aplicadas
942 _cLIBRO
999 _c31730
_d31730